00254nam a22000857a 4500008004100000082001600041245009400057260000900151300000800160230621b xxu||||| |||| 00| 0 eng d a328.54bPAN aRules of Procedure and Conduct of Business of the GOA, DAMAN and DIU Legislative Assembly c1981 a96p